=LDR 00000nam 2200000 4500 =001 INLIS000000000014727 =005 20130612110015 =008 ***********************************Ind** =035 ##$$0010-061300000014727 =041 ##$$a Ind =082 ##$$a 428 =090 ##$$a 428, Sut l =100 ##$$a Sutisno, Adi =245 ##$$a Langkah-langkah taktis mempersiapkan TOEFL, Structur and written expression,listening comprehension,reading comprehension, Adi Sutrisno =260 ##$$a 2003 $b Yogyakarta =300 ##$$a x, 172 hlm, 23 cm =650 ##$$a Bahasa Inggris =850 ##$$a NBPNMAT